<?xml version="1.0" encoding="UTF-8"?><collection xmlns="info:lc/xmlns/marcxchange-v2"><record format="Unimarc" type="bibliographic"><leader>00732nam  2200217   450 </leader><controlfield tag="001">2369747</controlfield><controlfield tag="003">http://id.bnportugal.gov.pt/bib/porbase/2369747</controlfield><datafield ind1=" " ind2=" " tag="010"><subfield code="a">1-4051-0855-X</subfield></datafield><datafield ind1=" " ind2=" " tag="021"><subfield code="a">US</subfield></datafield><datafield ind1=" " ind2=" " tag="035"><subfield code="a">ipslv001.iso/01-04-2011/2168</subfield></datafield><datafield ind1=" " ind2=" " tag="100"><subfield code="a">20041216d2004    k  y0porb0103    ba</subfield></datafield><datafield ind1="0" ind2=" " tag="101"><subfield code="a">eng</subfield></datafield><datafield ind1=" " ind2=" " tag="102"><subfield code="a">US</subfield></datafield><datafield ind1="1" ind2=" " tag="200"><subfield code="a">Philosophical Foundations of Neuroscience</subfield><subfield code="f">M. R. Bennett,</subfield><subfield code="f">P. M. S. Hacker,</subfield></datafield><datafield ind1=" " ind2=" " tag="205"><subfield code="a">1ª ed.</subfield></datafield><datafield ind1=" " ind2=" " tag="210"><subfield code="a">Malden - Massachusetts</subfield><subfield code="c">Blackwell Publishing</subfield><subfield code="d">2003</subfield></datafield><datafield ind1=" " ind2=" " tag="215"><subfield code="a">461 pp.</subfield></datafield><datafield ind1=" " ind2=" " tag="675"><subfield code="a">612.8</subfield><subfield code="v">BN</subfield><subfield code="z">por</subfield></datafield><datafield ind1=" " ind2="1" tag="700"><subfield code="a">Bennett</subfield><subfield code="b">M. R.</subfield></datafield><datafield ind1=" " ind2="1" tag="701"><subfield code="a">Hacker</subfield><subfield code="b">P. M. S.</subfield><subfield code="4">070</subfield></datafield><datafield ind1=" " ind2="0" tag="801"><subfield code="a">PT</subfield><subfield code="b">IPSLV</subfield><subfield code="c">20080317</subfield><subfield code="g">RPC</subfield></datafield><datafield ind1=" " ind2=" " tag="859"><subfield code="u">\\10.140.50.11\bibliobase\capas digitalizadas\Fisiologia\SKMBT_C25308120210350_0006.jpg</subfield><subfield code="z">Capa</subfield></datafield></record></collection>